Govt. of
Madhya Pradesh

Lokamanya Bal Gangadhar Tilak (Record no. 7830)

MARC details
000 -LEADER
fixed length control field 004250000a22001690004500
003 - CONTROL NUMBER IDENTIFIER
control field MACL
005 - DATE AND TIME OF LATEST TRANSACTION
control field 20230924113921.0
008 - FIXED-LENGTH DATA ELEMENTS--GENERAL INFORMATION
fixed length control field 230924b |||||||| |||| 00| 0 eng d
040 ## - CATALOGING SOURCE
Original cataloging agency MACL
Transcribing agency MACL
100 ## - MAIN ENTRY--PERSONAL NAME
Personal name Jog, N G
9 (RLIN) 1186
245 ## - TITLE STATEMENT
Title Lokamanya Bal Gangadhar Tilak
260 ## - PUBLICATION, DISTRIBUTION, ETC. (IMPRINT)
Name of publisher, distributor, etc. The Director Publications Division
Date of publication, distribution, etc. 1970
Place of publication, distribution, etc. delhi
350 ## - PRICE (NR) (BK AM CF MU VM SE) [OBSOLETE]
Price 4
600 ## - SUBJECT ADDED ENTRY--PERSONAL NAME
Personal name JOG,N>G,
9 (RLIN) 81903
650 ## - SUBJECT ADDED ENTRY--TOPICAL TERM
Topical term or geographic name as entry element Biography
942 ## - ADDED ENTRY ELEMENTS (KOHA)
Koha item type Books
Call number prefix 920
Source of classification or shelving scheme
Holdings
Withdrawn status Lost status Source of classification or shelving scheme Damaged status Not for loan Home library Current library Date acquired Total Checkouts Full call number Barcode Date last seen Date last checked out Price effective from Koha item type
          MACL MACL 24/09/2023 1 920/JOG CRE001229 11/10/2023 27/09/2023 24/09/2023 Books